F1 2024 – Résultats par Grand Prix : Bahreïn - Statistiques

Statistiques générales
  • Ce quiz a été pris 9 fois
  • Le résultat moyen est 5 sur 6
Statistiques - réponses
Hint Réponse % Correct
Bahreïn - P2 Perez
100%
Bahreïn - Pole Verstappen
100%
Bahreïn - P1 Verstappen
100%
Bahreïn - P3 Sainz
78%
Bahreïn - Fastest Verstappen
78%
Bahreïn - DOD Sainz
44%
Aucun quiz correspondant
Distribution des résultats
% des personnes avec chaque résultat
Percentile par nombre de réponses
Votre historique - résultats
Vous n’avez pas pris ce quiz